• 首页
  • 本馆介绍
  • 公告通知
  • 最新文献
  • 馆藏检索
  • 电子资源
  • 读者导购
  • 参考咨询
  • 我的图书馆
  • 登录
  • 详细信息显示
  • 放入我的书架
  • 预约/预借图书
  • 作者相关作品
  • 分类相关作品
  • 丛书相关作品
  • 出版社相关作品

书目信息

  • 表格格式
  • 工作单格式
  • 卡片格式
题名:
经济数学——线性代数
    
 
作者: 吴传生 主编
分册:  
出版信息: 北京   高等教育出版社  2009
页数: 236页
开本: 24cm
丛书名:
单 册:
中图分类: F224.0 , O151.2
科图分类:
主题词: 经济数学--高等学校--教材 , 线性代数--高等学校--教材 , 经济数学 , 线性代数
电子资源:
ISBN: 978-7-04-024918-7
000 00945nam0 2200301 45
001 1050896797
005 20100415165028.84
010    @a978-7-04-024918-7@dCNY17.50
100    @a20100408e2009 em y0chiy0120 ea
101 0  @achi
102    @aCN@b110000
105    @ay z 000yy
106    @ar
200 1  @a经济数学——线性代数@AJing Ji Shu Xue—— Xian Xing Dai Shu@f吴传生主编@FWu Chuan Sheng Zhu Bian
205    @a2版
210    @a北京@c高等教育出版社@d2009
215    @a236页@d24cm
300    @a普通高等教育“十一五”国家级规划教材
330    @a本书的主要内容有:线性方程组的消元法和矩阵的初等变换,行列式、克拉默法则,矩阵的运算等。
606 0  @a经济数学@x高等学校@j教材
606 0  @a线性代数@x高等学校@j教材
606 0  @a经济数学
606 0  @a线性代数
690    @aF224.0@v4
690    @aO151.2@v4
701  0 @a吴传生@AWu Chuan Sheng@4主编
801  0 @aCN@bTANGWEI@c20100415
905    @b0591529-33@dF224.0@e365=2@f5
    
    经济数学——线性代数/吴传生主编.-2版.-北京:高等教育出版社,2009
    236页;24cm
    普通高等教育“十一五”国家级规划教材
    
    ISBN 978-7-04-024918-7:CNY17.50
    本书的主要内容有:线性方程组的消元法和矩阵的初等变换,行列式、克拉默法则,矩阵的运算等。
●
相关链接 在E读中查询图书 在五车中查询图书 在当当中查询图书 在豆瓣中查询图书


正题名:经济数学——线性代数     索取号:F224.0/365=2         预约/预借

序号 登录号 条形码 馆藏地/架位号 状态 备注
1 0591529   205915296   第一样本阅览室/ [索取号:F224.0/365=2] 在馆    
2 0591530   205915303   密集书库-海洋学院/ [索取号:F224.0/365=2] 在馆    
3 0591531   205915312   第一借阅区/ [索取号:F224.0/365=2] 在馆    
4 0591532   205915321   第一借阅区/ [索取号:F224.0/365=2] 在馆    
5 0591533   205915330   第一借阅区/ [索取号:F224.0/365=2] 在馆    
唐山师范学院图书馆 欢迎您!
大连网信软件有限公司© 版权所有